000 00381nam a2200133Ia 4500
005 20260328104344.0
008 260328s9999||||xx |||||||||||||| ||und||
100 _aPinilla, Mauricio
245 0 _aEl Inmigrante sincrético, la Arquitectura de Leopoldo Rother /
_cMauricio Pinilla
260 _bUniversidad de los Andes
300 _a420 p.
650 _aARQUITECTOS
942 _cBK
999 _c12253
_d12253